ბათუმის შოთა რუსთაველის სახელმწიფო უნივერსიტეტის ბიბლიოთეკა

ფრაგმენტები, წერილები / (ბიბ.ჩანაწერი № 60169)

000 -ლიდერი
ფიქსირებული სიგრძის საკონტროლო ველი 01042nam a22002057a 4500
003 - საკონტროლო ნომრის იდენტიფიკატორი
საკონტროლო ველი Ge_BSU
005 - ბოლო ოპერაციის თარიღი და დრო
საკონტროლო ველი 20230614164055.0
008 - ფიქსირებული სიგრძის მონაცემთა ელემენტები - ზოგადი ინფორმაცია
ფიქსირებული სიგრძის საკონტროლო ველი 230614s1959 ge ||||| |||| 00| 0 geo d
041 ## - ენის კოდი
Language code of text/sound track or separate title geo
080 ## - უნივერსალური ათობითი კლასიფიკაციის ინდექსი
Universal Decimal Classification number 1(38)(09) დ-32
100 ## - მთავარი ჩანაწერი - პიროვნების სახელი
Personal name დემოკრიტე
9 (RLIN) 18715
245 ## - ცნობა სათაურის შესახებ
Title ფრაგმენტები, წერილები /
Statement of responsibility, etc დემოკრიტე, ეპიკურ; [თარგმ. ბერძნ., კომენტარები და ნარკვევი თამარ კუკავასი].
264 ## - წარმოების, გამოცემის, დისტრიბუციის და სხვა ცნობები
გამოცემის, წარმოების, დისტრიბუციის... ადგილი თბილისი :
გამოცემის, წარმოების, დისტრიბუციის... სახელწოდება საბჭ. საქართველო,
გამოცემის, წარმოების, დისტრიბუციის... თარიღი 1959.
300 ## - ფიზიკური აღწერა
Extent 240 გვ. :
Other physical details 2 ფ. ილ. ;
Dimensions 21 სმ.
504 ## - BIBLIOGRAPHY, ETC. NOTE
Bibliography, etc ბიბლიოგრ. შენიშვნებში.
653 ## - INDEX TERM--UNCONTROLLED
Uncontrolled term ბერძნული ფილოსოფიის ისტორია
700 ## - ADDED ENTRY--PERSONAL NAME
Personal name ეპიკურე
Relator term ავტორი
9 (RLIN) 18716
700 ## - ADDED ENTRY--PERSONAL NAME
Personal name კუკავა, თამარ
Relator term მთარგმნელი
9 (RLIN) 10261
942 ## - ADDED ENTRY ELEMENTS (KOHA)
Source of classification or shelving scheme
Koha item type წიგნი
ეგზემპლარები
ჩამოწერის სტატუსი დაკარგული ეგზემპლარის სტატუსი კლასიფიკაციის წყარო ან თაროზე გაწყობის სქემა დაზიანების სტატუსი არ გაიცემა მუდმივი მდებარეობა (დაცვის ადგილი) ამჟამინდელი ადგილსამყოფელი თაროზე განთავსების ადგილი შეძენის თარიღი ღირებულება, შესყიდვის ნორმალური ფასი სრული შენახვის შიფრი შტრიხკოდი ბოლო ოპერაციის თარიღი ეგზემპლარის მიმდევრობითი ნომერი (კეტერი?) Uniform Resource Identifier ფასის ძალაში შესვლის თარიღი ეგზემპლარის სახეობა საჯარო შენიშვნა
          ბათუმის შოთა რუსთაველის სახელმწიფო უნივერსიტეტის მთავარი ბიბლიოთეკა ბათუმის შოთა რუსთაველის სახელმწიფო უნივერსიტეტის მთავარი ბიბლიოთეკა წიგნსაცავი 2023-06-14 6.00 1(38)(09) დ-32 64648 2023-06-14 64648 ბსუ-ს საპატიო დოქტორის გურამ ლორთქიფანიძის საჩუქარი 2023-06-14 წიგნი 6 ლ.
          ბათუმის შოთა რუსთაველის სახელმწიფო უნივერსიტეტის მთავარი ბიბლიოთეკა ბათუმის შოთა რუსთაველის სახელმწიფო უნივერსიტეტის მთავარი ბიბლიოთეკა წიგნსაცავი 2023-06-15 6.00 1(38)(09) დ-32 64659 2023-06-15 64659 ბსუ-ს საპატიო დოქტორის გურამ ლორთქიფანიძის საჩუქარი 2023-06-15 წიგნი 6 ლ.